Statistiques concernant Lieux de The Legend of Zelda : Breath of the Wild

Cliquez ici pour prendre le quiz!

Statistiques générales

  • Ce quiz a été pris 604 fois
  • Le résultat moyen est 14 sur 30

Statistiques - réponses

HintRéponse% Correct
Région de départPlateau du prélude
88%
Village du peuple SheikahCocorico
82%
Village de Pru'haElimith
76%
Région du laboratoire de FarasAkkala
73%
Lieu du combat finalChâteau d'Hyrule
65%
Région des zorasLanelle
65%
Chaine de montagnes au nord-ouestHébra
64%
Lieux de repos et de commerce (Terry)Relais
63%
Lieu de départ dans cette régionSanctuaire de la renaissance
61%
Village fondé par GrosalliehEuzero
58%
Région tropicaleFirone
58%
Grand lac au SudLac Hylia
57%
Région des GoronsOrdinn
55%
Village de pêcheursEcaraille
54%
Forêt de l'arbre MojoForêt Korogu
54%
Région centralePlaine d'Hyrule
44%
Montagne de l'AlphaMont Satori
42%
Lieux d'épreuves du hérosSanctuaires
37%
Région à l'Est de la région de départNécluda
34%
Île à l'extrême sud-est de la carteFinalis
33%
Montagnes emblématiques de cette régionMonts Géminés
31%
Région des PiafsTabanta
31%
Lieux d'amélioration des tenuesFontaines
27%
Montagne de cette régionMont Hylia
27%
Oasis à l'entrée du désertBazar Assek
24%
Région de la 8e héroïneHauteurs Gérudo
20%
QG des ennemis des SheikahsRepaire des Yigas
17%
Lieu où l'on rencontre KiltonEtang du crâne
14%
Grande faille au sud-est de cette régionGorge Tragite
6%
Région des GérudosLandes sauvages
6%

Distribution des résultats

Percentile par nombre de réponses

% des personnes avec chaque résultat

Votre développement - résultats

Vous n’avez pas pris ce quiz